<?xml version="1.0" encoding="UTF-8"?>
<record
    xmlns:xsi="http://www.w3.org/2001/XMLSchema-instance"
    xsi:schemaLocation="http://www.loc.gov/MARC21/slim http://www.loc.gov/standards/marcxml/schema/MARC21slim.xsd"
    xmlns="http://www.loc.gov/MARC21/slim">

  <leader>00638nam a22001577a 4500</leader>
  <controlfield tag="003">OSt</controlfield>
  <controlfield tag="005">20160106161314.0</controlfield>
  <controlfield tag="008">160106b        xxu||||| |||| 00| 0 eng d</controlfield>
  <datafield tag="040" ind1=" " ind2=" ">
    <subfield code="c">RUA</subfield>
  </datafield>
  <datafield tag="082" ind1=" " ind2=" ">
    <subfield code="a">LMA LOC 2011 B310 Or.1</subfield>
  </datafield>
  <datafield tag="100" ind1=" " ind2=" ">
    <subfield code="9">6165</subfield>
    <subfield code="a">LOCH, KALYAN.</subfield>
  </datafield>
  <datafield tag="245" ind1=" " ind2=" ">
    <subfield code="a">Evolution of land market commune mukh ampul district kandal province, &#x1780;&#x17B6;&#x179A;&#x17A2;&#x1793;&#x17BB;&#x179C;&#x178F;&#x17D2;&#x178F;&#x1793;&#x17CD;&#x1793;&#x17C3;&#x1791;&#x17B8;&#x1795;&#x17D2;&#x179F;&#x17B6;&#x179A;&#x178A;&#x17B8;&#x1792;&#x17D2;&#x179B;&#x17B8;&#x1793;&#x17C5;&#x1783;&#x17BB;&#x17C6;&#x1796;&#x17D2;&#x179A;&#x17C2;&#x1780;&#x17A2;&#x1789;&#x17D2;&#x1785;&#x17B6;&#x1789; &#x179F;&#x17D2;&#x179A;&#x17BB;&#x1780;&#x1798;&#x17BB;&#x1781;&#x1780;&#x17C6;&#x1796;&#x17BC;&#x179B; &#x1781;&#x17C1;&#x178F;&#x17D2;&#x178F;&#x1780;&#x178E;&#x17D2;&#x178A;&#x17B6;&#x179B;</subfield>
  </datafield>
  <datafield tag="260" ind1=" " ind2=" ">
    <subfield code="a">Phnom Penh</subfield>
    <subfield code="b">RUA</subfield>
    <subfield code="c">2011</subfield>
  </datafield>
  <datafield tag="300" ind1=" " ind2=" ">
    <subfield code="a">xii; 63p.</subfield>
    <subfield code="b">ill.</subfield>
    <subfield code="c">29cm.</subfield>
  </datafield>
  <datafield tag="942" ind1=" " ind2=" ">
    <subfield code="2">ddc</subfield>
    <subfield code="c">LMA</subfield>
  </datafield>
  <datafield tag="999" ind1=" " ind2=" ">
    <subfield code="c">5741</subfield>
    <subfield code="d">5741</subfield>
  </datafield>
  <datafield tag="952" ind1=" " ind2=" ">
    <subfield code="0">0</subfield>
    <subfield code="1">0</subfield>
    <subfield code="2">ddc</subfield>
    <subfield code="4">0</subfield>
    <subfield code="6">LMA_LOC_2011_000000000000000_B310_OR_1</subfield>
    <subfield code="7">0</subfield>
    <subfield code="9">31416</subfield>
    <subfield code="a">LBB</subfield>
    <subfield code="b">LBB</subfield>
    <subfield code="c"> 	B310</subfield>
    <subfield code="d">2016-01-06</subfield>
    <subfield code="l">1</subfield>
    <subfield code="o">LMA LOC 2011 B310 Or.1</subfield>
    <subfield code="p">RUA049091</subfield>
    <subfield code="r">2017-10-16</subfield>
    <subfield code="s">2017-09-29</subfield>
    <subfield code="w">2016-01-06</subfield>
    <subfield code="y">LMA</subfield>
  </datafield>
  <datafield tag="952" ind1=" " ind2=" ">
    <subfield code="0">0</subfield>
    <subfield code="1">0</subfield>
    <subfield code="2">ddc</subfield>
    <subfield code="4">0</subfield>
    <subfield code="6">LMA_LOC_2011_000000000000000_B310_OR_2</subfield>
    <subfield code="7">0</subfield>
    <subfield code="9">31417</subfield>
    <subfield code="a">LBB</subfield>
    <subfield code="b">LBB</subfield>
    <subfield code="c"> 	B310</subfield>
    <subfield code="d">2016-01-06</subfield>
    <subfield code="l">3</subfield>
    <subfield code="o">LMA LOC 2011 B310 Or.2</subfield>
    <subfield code="p">RUA049031</subfield>
    <subfield code="r">2020-11-03</subfield>
    <subfield code="s">2020-02-18</subfield>
    <subfield code="w">2016-01-06</subfield>
    <subfield code="y">LMA</subfield>
  </datafield>
  <datafield tag="952" ind1=" " ind2=" ">
    <subfield code="0">0</subfield>
    <subfield code="1">0</subfield>
    <subfield code="2">ddc</subfield>
    <subfield code="4">0</subfield>
    <subfield code="6">LMA_LOC_2011_000000000000000_B310_OR_3</subfield>
    <subfield code="7">0</subfield>
    <subfield code="9">31418</subfield>
    <subfield code="a">LBB</subfield>
    <subfield code="b">LBB</subfield>
    <subfield code="c"> 	B310</subfield>
    <subfield code="d">2016-01-06</subfield>
    <subfield code="l">2</subfield>
    <subfield code="o">LMA LOC 2011 B310 Or.3</subfield>
    <subfield code="p">RUA049276</subfield>
    <subfield code="r">2020-01-29</subfield>
    <subfield code="s">2020-01-13</subfield>
    <subfield code="w">2016-01-06</subfield>
    <subfield code="y">LMA</subfield>
  </datafield>
  <datafield tag="952" ind1=" " ind2=" ">
    <subfield code="0">0</subfield>
    <subfield code="1">0</subfield>
    <subfield code="2">ddc</subfield>
    <subfield code="4">0</subfield>
    <subfield code="6">LMA_LOC_2011_000000000000000_B310_OR_4</subfield>
    <subfield code="7">0</subfield>
    <subfield code="9">31419</subfield>
    <subfield code="a">LBB</subfield>
    <subfield code="b">LBB</subfield>
    <subfield code="c"> 	B310</subfield>
    <subfield code="d">2016-01-06</subfield>
    <subfield code="o">LMA LOC 2011 B310 Or.4</subfield>
    <subfield code="p">RUA049059</subfield>
    <subfield code="r">2016-01-06</subfield>
    <subfield code="w">2016-01-06</subfield>
    <subfield code="y">LMA</subfield>
  </datafield>
  <datafield tag="952" ind1=" " ind2=" ">
    <subfield code="0">0</subfield>
    <subfield code="1">0</subfield>
    <subfield code="2">ddc</subfield>
    <subfield code="4">0</subfield>
    <subfield code="6">LMA_LOC_2011_000000000000000_B310_OR_5</subfield>
    <subfield code="7">0</subfield>
    <subfield code="9">31420</subfield>
    <subfield code="a">LBB</subfield>
    <subfield code="b">LBB</subfield>
    <subfield code="c"> 	B310</subfield>
    <subfield code="d">2016-01-06</subfield>
    <subfield code="o">LMA LOC 2011 B310 Or.5</subfield>
    <subfield code="p">RUA020187</subfield>
    <subfield code="r">2016-01-06</subfield>
    <subfield code="w">2016-01-06</subfield>
    <subfield code="y">LMA</subfield>
  </datafield>
  <datafield tag="952" ind1=" " ind2=" ">
    <subfield code="0">0</subfield>
    <subfield code="1">0</subfield>
    <subfield code="2">ddc</subfield>
    <subfield code="4">0</subfield>
    <subfield code="6">LMA_LOC_2011_000000000000000_B310_OR_6</subfield>
    <subfield code="7">0</subfield>
    <subfield code="9">31421</subfield>
    <subfield code="a">LBB</subfield>
    <subfield code="b">LBB</subfield>
    <subfield code="c"> 	B310</subfield>
    <subfield code="d">2016-01-06</subfield>
    <subfield code="o">LMA LOC 2011 B310 Or.6</subfield>
    <subfield code="p">RUA018840</subfield>
    <subfield code="r">2016-01-06</subfield>
    <subfield code="w">2016-01-06</subfield>
    <subfield code="y">LMA</subfield>
  </datafield>
  <datafield tag="952" ind1=" " ind2=" ">
    <subfield code="0">0</subfield>
    <subfield code="1">0</subfield>
    <subfield code="2">ddc</subfield>
    <subfield code="4">0</subfield>
    <subfield code="6">LMA_LOC_2011_000000000000000_B310_OR_7</subfield>
    <subfield code="7">0</subfield>
    <subfield code="9">31422</subfield>
    <subfield code="a">LBB</subfield>
    <subfield code="b">LBB</subfield>
    <subfield code="c"> 	B310</subfield>
    <subfield code="d">2016-01-06</subfield>
    <subfield code="l">2</subfield>
    <subfield code="o">LMA LOC 2011 B310 Or.7</subfield>
    <subfield code="p">RUA015369</subfield>
    <subfield code="r">2019-08-09</subfield>
    <subfield code="s">2019-07-24</subfield>
    <subfield code="w">2016-01-06</subfield>
    <subfield code="y">LMA</subfield>
  </datafield>
  <datafield tag="952" ind1=" " ind2=" ">
    <subfield code="0">0</subfield>
    <subfield code="1">0</subfield>
    <subfield code="2">ddc</subfield>
    <subfield code="4">0</subfield>
    <subfield code="6">LMA_LOC_2011_000000000000000_B310_OR_8</subfield>
    <subfield code="7">0</subfield>
    <subfield code="9">31423</subfield>
    <subfield code="a">LBB</subfield>
    <subfield code="b">LBB</subfield>
    <subfield code="c"> 	B310</subfield>
    <subfield code="d">2016-01-06</subfield>
    <subfield code="l">5</subfield>
    <subfield code="o">LMA LOC 2011 B310 Or.8</subfield>
    <subfield code="p">RUA015801</subfield>
    <subfield code="r">2020-09-04</subfield>
    <subfield code="s">2020-07-15</subfield>
    <subfield code="w">2016-01-06</subfield>
    <subfield code="y">LMA</subfield>
  </datafield>
  <datafield tag="952" ind1=" " ind2=" ">
    <subfield code="0">0</subfield>
    <subfield code="1">0</subfield>
    <subfield code="2">ddc</subfield>
    <subfield code="4">0</subfield>
    <subfield code="6">LMA_LOC_2011_000000000000000_B310_OR_9</subfield>
    <subfield code="7">0</subfield>
    <subfield code="9">36562</subfield>
    <subfield code="a">LBB</subfield>
    <subfield code="b">LBB</subfield>
    <subfield code="c"> 	B310</subfield>
    <subfield code="d">2016-01-27</subfield>
    <subfield code="o">LMA LOC 2011 B310 Or.9</subfield>
    <subfield code="p">rua050809</subfield>
    <subfield code="r">2016-01-27</subfield>
    <subfield code="w">2016-01-27</subfield>
    <subfield code="y">LMA</subfield>
  </datafield>
  <datafield tag="952" ind1=" " ind2=" ">
    <subfield code="0">0</subfield>
    <subfield code="1">0</subfield>
    <subfield code="2">ddc</subfield>
    <subfield code="4">0</subfield>
    <subfield code="6">LMA_LOC_2011_000000000000000_B310_OR_10</subfield>
    <subfield code="7">0</subfield>
    <subfield code="9">36732</subfield>
    <subfield code="a">LBB</subfield>
    <subfield code="b">LBB</subfield>
    <subfield code="d">2016-02-01</subfield>
    <subfield code="l">2</subfield>
    <subfield code="m">1</subfield>
    <subfield code="o">LMA LOC 2011 B310 Or.10</subfield>
    <subfield code="p">RUA052182</subfield>
    <subfield code="r">2023-03-10</subfield>
    <subfield code="s">2023-03-10</subfield>
    <subfield code="w">2016-02-01</subfield>
    <subfield code="y">LMA</subfield>
  </datafield>
</record>
